Guess The Animal By Picture - Statistics

General Stats
  • This quiz has been taken 300 times
  • The average score is 12 of 15
Answer Stats
Picture Answer % Correct
panda
100%
cat
93%
cow
93%
deer
93%
shark
93%
rabbit
92%
polar bear
91%
whale
89%
giraffe
87%
red panda
86%
fish
83%
german shepherd
75%
catfish
70%
buffalo
57%
buck
13%
No matching quizzes found
Score Distribution
Percent of People with Each Score
Percentile by Number Answered
Your Score History
You have not taken this quiz